| 000 | 00497nam a2200181Ia 4500 | ||
|---|---|---|---|
| 005 | 20250423095657.0 | ||
| 008 | 250422s9999 xx 000 0 und d | ||
| 020 | _a9780028179971 | ||
| 050 | _aPZ 7 .T74/ | ||
| 100 | _aTreviño, Elizabeth Borton de | ||
| 245 | 0 | _aI, Juan de Pareja | |
| 260 | _aLondon | ||
| 260 | _bGollancz | ||
| 260 | _c2000 | ||
| 300 | _a147 p | ||
| 650 | _a Pareja, Juan de, 1606-1670--Juvenile fiction. Velázquez, Diego, 1599-1660--Juvenile fiction. | ||
| 942 | _cBK | ||
| 999 |
_c30999 _d30999 |
||